000 00418nam a2200145Ia 4500
008 220217s9999||||xx |||||||||||||| ||und||
020 _a81-224-0432-4
082 _a621.395 BOS
100 _aBose, Sanjay, K
_91838
245 0 _aDigital systems from GATEs to microprocessor
250 _a2nd
260 _aNew age international ltd
_bBangalore
_c2006
300 _b200
650 _aDIGITAL DESIGN/LOGIC DESIGN
999 _c176043
_d176043